| 000 | 02232cam a22004694i 4500 | ||
|---|---|---|---|
| 003 | PE-LiUPU | ||
| 005 | 20250731172914.0 | ||
| 008 | 150617s r 000 0 d | ||
| 035 | _a(Sirsi) a17003 | ||
| 040 |
_aPE-LiUPU _bspa _cPE-LiUPU _erda |
||
| 049 | _aPRUA | ||
| 082 | 0 | 4 |
_a291.175 _bC42 _221 |
| 110 | 2 | _aCELAM | |
| 245 | 1 | 0 | _aReligión y Cultura: Perspectivas de la evangelización de la cultura desde Puebla. |
| 264 | 1 |
_aBogotá : _bConsejo Episcopal Latinoamericano, _c1981. |
|
| 300 |
_a367 páginas ; _c21 cm. |
||
| 336 |
_atext _2rdacontent |
||
| 337 |
_aunmediated _2rdamedia |
||
| 338 |
_avolume _2rdacarrier |
||
| 490 | 0 |
_aCELAM ; _v47 |
|
| 504 | _aBibliografía al pie de páginas. | ||
| 505 | 0 | _aLa cultura en el documento de Puebla. -Sobre el significado de Puebla. -11 tesis sobre evangelización, cultura y religiosidad popular en el documento de Puebla. -El resurgimiento católico latinoamericano. -La evangerlización de la cultura, frente al proceso de secularización, en Puebla. -Identidad de la fe y pluralismo de las culturas. -. -Perspectivas bíblicas de la cultura. -Consideraciones acerca del concepto de cultura en Puebla desde la perspectiva de la sociología de la cultura de Alfred Weber. -Las relaciones entre religión y cultura según la "analogía del ser" en Erich Przywara. -La cultura en la perspectiva tomista. -La ciencia y la tecnología frente a las culturas según J. Ladriere. -Cultura, religión y crítica de las idolatrías. | |
| 526 | _aSEG42 | ||
| 526 | _aSEG41 | ||
| 526 | _aSEG40 | ||
| 526 | _aSEG39 | ||
| 526 | _aP94 | ||
| 526 | _aP87 | ||
| 526 | _aP86 | ||
| 526 | _aP85 | ||
| 526 | _aP77 | ||
| 526 | _aP76 | ||
| 526 | _aP35 | ||
| 650 | 0 | 4 |
_aTEOLOGIA _xRELIGION Y CULTURA. |
| 910 |
_ajck _bjvq _cjck _d20150616 |
||
| 942 |
_2ddc _cBOOK |
||
| 949 |
_a291.175 C42 _wDEWEY _c1 _i28403 _lCCODEBUL1 _mBUL _p00.00 _r0 _sY _tBOOK _u2015-04-21 _xTEOLOGIA _PP35 _0COMPRA _o.STAFF. Colección General |
||
| 994 |
_aC0 _bPEPRU |
||
| 596 | _a1 | ||
| 999 |
_a291.175 C42 _wDEWEY _c16535 _i28403 _d16535 _f2021-11-11 _g6 _lCCODEBUL1 _mBUL _q4 _r0 _sY _tBOOK _u2015-4-21 _xTEOLOGIA _PP35 _0COMPRA _o.STAFF. Colección General |
||
| 980 |
_81 _gALBERTO SANCHEZ Responsable de Automatización |
||